Járásorvosi kinevezés

Správa o menovaní okresného lekára Vranova. Stal sa ním Dr. Viliam Török, obvodný lekár.

Bibliographic Details
Format: Article
Language:Hungarian
Subjects:
Source: 1. Felvidéki Hirlap 1. Roč. 12, č. 16 (02.06.1918) s. 3
LEADER 00861nab#a2200301#ar4500
001 000074797
003 SVKKK
005 20050419xxxxxxx.
008 06 c xo huno
FMT
038 |a SVKKK 
040 |a SVKKK  |b slo  |e AACR2 
041 0 |a hun 
044 |a xo  |c SK 
080 |a 616-051 
242 1 0 |a Vymenovanie okresného lekára 
245 0 0 |a Járásorvosi kinevezés 
500 |a mikrofilm 
520 2 |a Správa o menovaní okresného lekára Vranova. Stal sa ním Dr. Viliam Török, obvodný lekár. 
650 0 4 |a okresný lekár, Vranov (funkcia) - Török, Viliam (lekár) - Vranov - menopvanie úradné - jún 1918 - správy 
773 0 |t Felvidéki Hirlap  |g Roč. 12, č. 16 (02.06.1918) s. 3 
957 |a Vranov 
958 |a DG 
958 |a SK 
974 |a Ba  |d 20050419 
992 |a RBX 
BAS
998 |a RETRO